Managing with carrots : using recognition to attract and retain the best people (Record no. 32257)

MARC details
000 -LEADER
fixed length control field 00556nam a2200181Ia 4500
020 ## - INTERNATIONAL STANDARD BOOK NUMBER
ISBN 9781586850777
050 ## - CALL MARK
Classification number HF 5549.5.I5 .G67/
100 ## - STATEMENT OF RESPONSIBILITY--MAIN AUTHOR NAME
Personal name Gostick, Adrian Robert.
245 #0 - TITLE STATEMENT
Title Managing with carrots : using recognition to attract and retain the best people
260 ## - PUBLICATION, DISTRIBUTION, ETC. (IMPRINT)
Place of publication Salt Lake City
260 ## - PUBLICATION, DISTRIBUTION, ETC. (IMPRINT)
Name of publisher Gibbs Smith, publisher
260 ## - PUBLICATION, DISTRIBUTION, ETC. (IMPRINT)
Year of publication 2001
300 ## - PHYSICAL DESCRIPTION
Number of Pages 111 p
650 ## - SUBJECT ADDED ENTRY--TOPICAL TERM
Topical Term Incentive awards--United States. Employee retention--United States.
942 ## - ADDED ENTRY ELEMENTS (KOHA)
Koha item type Books
Holdings
Withdrawn status Lost status Source of classification or shelving scheme Damaged status Not for loan Permanent Location Current Location Date acquired Accession Number Price effective from Koha item type
    Library of Congress Classification     NILE UNIVERSITY OF NIGERIA - MAIN LIBRARY NILE UNIVERSITY OF NIGERIA - MAIN LIBRARY 04/23/2025 0194536 04/23/2025 Books